| 000 | 00405nam a2200121Ia 4500 | ||
|---|---|---|---|
| 008 | 250110s9999 xx 000 0 und d | ||
| 041 | _aeng | ||
| 100 |
_aSupariwala Rushika _9184206 |
||
| 245 | _aIn Between The Sea And The Land : Reimagining The Coastal Edge Of Surat City | ||
| 260 |
_bBNCA M Arch Landscape Architecture, Pune _c2021 |
||
| 300 | _a48p | ||
| 700 |
_aGuide Name:Sahasrtabuddhe Swati _9210977 |
||
| 999 |
_c364625 _d364625 |
||